[Event "Ekaterinburg Rapid op"]
[Site "Ekaterinburg"]
[Date "2023.08.11"]
[Round "1"]
[White "Sharov, Evgeny"]
[Black "Kotlyar, Kirill"]
[Result "0-1"]
[WhiteElo "1473"]
[BlackElo "2390"]
[PlyCount "80"]
[EventDate "2023.08.11"]
[EventType "swiss (rapid)"]
[EventRounds "11"]
[EventCountry "RUS"]
[SourceTitle "CBM 215 Extra"]
[Source "ChessBase"]
[SourceDate "2023.09.30"]
[SourceVersion "1"]
[SourceVersionDate "2023.09.30"]
[SourceQuality "1"]

1. Nf3 Nf6 2. d4 g6 3. c4 Bg7 4. g3 0-0 5. Bg2 c6 6. 0-0 d5 7. Qb3 dxc4 8. Qxc4 Qa5 9. Nc3 Bf5 10. Bg5 Na6 11. Bxf6 Bxf6 12. a3 Rfd8 13. e3 Rac8 14. b4 Qb6 15. Rfd1 Nc7 16. Rac1 h5 17. h3 Be6 18. Qe2 Bg7 19. Nd2 Bd5 20. Nxd5 Nxd5 21. Bxd5 Rxd5 22. Nb3 Rcd8 23. Rc5 Qc7 24. Rdc1 e5 25. Rxd5 Rxd5 26. e4 Rd8 27. d5 h4 28. g4 Bh6 29. Rc2 Qd7 30. Nc5 Qe7 31. Qf3 b6 32. Nb3 cxd5 33. exd5 e4 34. Qd1 Qe5 35. Re2 Rxd5 36. Qc2 e3 37. fxe3 Qg3+ 38. Rg2 Bxe3+ 39. Kh1 Qxh3+ 40. Rh2 Qf1# 0-1